000 00911nam a2200205Ii 4500
003 JO-AjNU
008 230605s9999||||xx |||||||||||||| ||und||
040 _aJO-AjNU
_bara
_erda
_cJO-AjNU
041 _aara
050 1 4 _aHQ799.A7 M2
100 3 _aمكي، عباس / م.مشارك زهير حطب,
_eauthor
_935753
245 0 0 _aالسلطة الابوية والشباب: دراسة ميدانية اجتماعية نفسية حول طبيعة السلطة وتمثلها
264 3 1 _aبيروت: معهد الانماء العربي
300 _a247ص
_bيحتوي ببلوغرافية و جداول من ص 229-247ص
336 _atext
_btxt
_2rdacontent
337 _aunmediated
_bn
_2rdamedia
338 _avolume
_bnc
_2rdacarrier
490 0 _aالدراسات الانسانية علم اجتماع الاسرة
650 4 _aالاباء والابناء - العلاقات الاسرية
_935754
999 _aA14791
_c18359
_d18359